Statistics for TV Character to Actor #2

Click here to take the quiz!

General Stats

  • This quiz has been taken 6,563 times
  • The average score is 9 of 22

Answer Stats

CharacterActor% Correct
Rachel GreenJennifer Aniston
96%
SpockLeonard Nimoy
70%
Buffy SummersSarah Michelle Gellar
68%
Michael KelsoAshton Kutcher
61%
Alex P. KeatonMichael J. Fox
50%
Sam MaloneTed Danson
49%
B. A. BaracusMr. T
48%
Michael ScottSteve Carell
47%
Don DraperJon Hamm
44%
Dr. McDreamyPatrick Dempsey
41%
Dr. Doug RossGeorge Clooney
40%
Murphy BrownCandice Bergen 
38%
ScreechDustin Diamond
38%
MacGyverRichard Dean Anderson
32%
Archie BunkerCarroll O'Connor
30%
Dexter MorganMichael C. Hall
29%
Mr. BigChris Noth
28%
Jed BartlettMartin Sheen
27%
Gabrielle SolisEva Longoria
26%
Sydney BristowJennifer Garner
25%
Ari GoldJeremy Piven
22%
Horatio CaineDavid Caruso
21%

Score Distribution

Percentile by Number Answered

Percent of People with Each Score

Your Score History

You have not taken this quiz